000 00531nam a22001937a 4500
999 _c6068
_d6068
003 AR-CdUCM
008 190313b ||||| |||| 00| 0 spa d
040 _aMUNICIPALIDAD PROVINCIAL DEL CUSCO
_cBIBLIOTECA MUNICIPAL DEL CUSCO
082 _a869.56 /
_bC86
100 _aCristobal, Juan
_917673
245 _aHoras de lucha /
260 _bJP editores,
_c1980.
300 _a60 páginas ;
_c16 cm.
500 _aDonación familia Nieto
650 _aPoesía
_9139
650 _aSiglo XX
_98
942 _2ddc
_cLIBROS
945 _aafb